Medagliere Olimpiadi invernali Pechino 2022 - Statistics

Statistiche generali
  • Questo quiz è stato fatto 6 volte
  • Il punteggio medio è 9 su 10
Statistiche sulle risposte
Medaglie d'Oro Medaglie d'Argento Medaglie di Bronzo Medaglie complessive Rappresentativa olimpica % Corretto
6 12 14 32 Comitato Olimpico Russo
100%
12 10 4 26 Germania
100%
3 6 9 18 Giappone
100%
2 7 8 17 Italia
100%
4 8 14 26 Canada
83%
16 8 13 37 Norvegia
83%
8 5 4 17 Paesi Bassi
83%
8 10 7 25 Stati Uniti
83%
8 5 5 18 Svezia
83%
7 7 4 18 Austria
67%
Nessun quiz corrispondente trovato
Distribuzione punteggi
Percentuale di utenti per punteggio
Percentile per numero di risposta
I tuoi punteggi nel tempo
Non hai fatto questo quiz